[Event "10th Lost Boys op"]
[Site "Amsterdam NED"]
[Date "2002.07.27"]
[Round "2.28"]
[White "Smeets, Jan"]
[Black "De Saegher, Chris"]
[Result "1/2-1/2"]
[WhiteElo "2392"]
[BlackElo "2217"]
[EventDate "2002.07.26"]
[PlyCount "46"]

1.e4 c6 2.d4 d5 3.exd5 cxd5 4.c4 Nf6 5.Nc3 Nc6 6.Nf3 Bg4 7.cxd5 Nxd5 8.Qb3
Nb6 9.d5 Bxf3 10.gxf3 Nd4 11.Bb5+ Nd7 12.Qa4 Nxb5 13.Qxb5 g6 14.Bg5 h6 15.
Bf4 Bg7 16.O-O O-O 17.Rfe1 a6 18.Qb4 Re8 19.Rad1 Qb6 20.Re4 Rac8 21.d6 
exd6 22.Rxd6 Qxb4 23.Rxb4 Re1+ 1/2-1/2

[Event "10th Lost Boys op"]
[Site "Amsterdam NED"]
[Date "2002.07.27"]
[Round "2.29"]
[White "Helvensteijn, Dennis"]
[Black "Jens, Jelmer"]
[Result "1/2-1/2"]
[WhiteElo "2242"]
[BlackElo "2369"]
[EventDate "2002.07.26"]
[PlyCount "77"]

1.e4 c5 2.c3 d5 3.exd5 Qxd5 4.d4 Nf6 5.Nf3 e6 6.Bd3 Nc6 7.O-O cxd4 8.cxd4 
Be7 9.Nc3 Qd6 10.Qe2 O-O 11.Rd1 Nb4 12.Bb1 Nbd5 13.Bg5 b6 14.Ne5 Bb7 15.
Qd3 g6 16.Qh3 Rac8 17.Ne2 Ba6 18.Qf3 Qb4 19.Bd3 Bxd3 20.Nxd3 Qa4 21.Ne5 
Rc2 22.Nf4 Rxb2 23.Nxd5 Nxd5 24.Bh6 Bf6 25.Bxf8 Kxf8 26.a3 Rb3 27.Rd3 Rxd3
28.Qxd3 Nf4 29.Qe4 Qxd4 30.Qxd4 Ne2+ 31.Kf1 Nxd4 32.Nd7+ Ke7 33.Nxf6 Kxf6 
34.Rc1 a5 35.a4 b5 36.axb5 Nxb5 37.Rc5 Nd4 38.Rxa5 h5 39.Ra7 1/2-1/2

[Event "10th Lost Boys op"]
[Site "Amsterdam NED"]
[Date "2002.07.27"]
[Round "2.30"]
[White "Van Wessel, Rudy"]
[Black "Theulings, Paul-Peter"]
[Result "1/2-1/2"]
[WhiteElo "2360"]
[BlackElo "2133"]
[EventDate "2002.07.26"]
[PlyCount "49"]

1.e4 Nf6 2.e5 Nd5 3.d4 d6 4.Nf3 Nc6 5.c4 Nb6 6.exd6 exd6 7.Be2 Be7 8.O-O 
O-O 9.Be3 Bf6 10.Nc3 Bf5 11.Rc1 Re8 12.a3 a6 13.Qb3 Bg4 14.Nd5 Nxd5 15.
cxd5 Bxf3 16.Bxf3 Nxd4 17.Qxb7 Nxf3+ 18.gxf3 Rb8 19.Qxa6 Bxb2 20.Rc4 Ra8 
21.Qb7 Bxa3 22.Qxc7 Rc8 23.Qxd8 Rexd8 24.Ra4 Bc5 25.Ra6 1/2-1/2

[Event "10th Lost Boys op"]
[Site "Amsterdam NED"]
[Date "2002.07.27"]
[Round "2.32"]
[White "Piceu, Tom"]
[Black "Van Delft, Merijn"]
[Result "1/2-1/2"]
[WhiteElo "2173"]
[BlackElo "2340"]
[EventDate "2002.07.26"]
[PlyCount "93"]

1.d4 Nf6 2.c4 g6 3.Nc3 Bg7 4.e4 d6 5.f4 O-O 6.Nf3 Na6 7.Bd3 e5 8.fxe5 dxe5
9.d5 c6 10.O-O Ng4 11.Qe2 Qb6+ 12.Kh1 Nc5 13.Bc2 f5 14.exf5 Bxf5 15.Bxf5 
Rxf5 16.h3 e4 17.hxg4 exf3 18.Rxf3 Re5 19.Be3 Qd8 20.Qc2 Qe7 21.Bf2 Ne4 
22.Nxe4 Rxe4 23.Bg3 Rxg4 24.d6 Qg5 25.Qd3 Rd8 26.Raf1 b6 27.Qe3 Qxe3 28.
Rxe3 Bf8 29.Rd1 Rd7 30.Kh2 Rxc4 31.Re8 Rc5 32.Kh3 Rd5 33.Rf1 Rf5 34.Rfe1 
Kf7 35.Rc8 Bxd6 36.Bxd6 Rxd6 37.Rc7+ Kf6 38.Rxa7 h5 39.Rb7 b5 40.Rc7 Kg5 
41.Re2 c5 42.Rc2 c4 43.a4 Rd1 44.Kh2 Rb1 45.axb5 Rxb5 46.R7xc4 R1xb2 47.
Rxb2 1/2-1/2

[Event "10th Lost Boys op"]
[Site "Amsterdam NED"]
[Date "2002.07.27"]
[Round "2.35"]
[White "Van Kooten, Luuk"]
[Black "Conquest, Stuart"]
[Result "0-1"]
[WhiteElo "2259"]
[BlackElo "2542"]
[EventDate "2002.07.26"]
[PlyCount "76"]

1.d4 Nf6 2.c4 e6 3.Nc3 Bb4 4.e3 b6 5.Bd3 Bb7 6.Ne2 Bxg2 7.Rg1 Bf3 8.Qc2 
Nh5 9.e4 Nc6 10.Be3 Qh4 11.O-O-O Bd6 12.Bg5 Qh3 13.e5 Be7 14.Bxe7 Nxe7 15.
Ne4 Qh4 16.Ng5 Bb7 17.Be4 Bxe4 18.Nxe4 Ng6 19.N2c3 O-O 20.Qe2 f5 21.Ng3 
Nhf4 22.Qf3 a6 23.Nge2 Rad8 24.Rg3 d6 25.exd6 Rxd6 26.Rdg1 Nxe2+ 27.Nxe2 
Qf6 28.h4 Rf7 29.h5 Nf8 30.Qf4 Rfd7 31.Kc2 Kh8 32.Qf3 c5 33.Qa8 cxd4 34.
Nf4 d3+ 35.Nxd3 f4 36.Rf3 Qf5 37.Rd1 e5 38.Kc1 Rd8 0-1

[Event "10th Lost Boys op"]
[Site "Amsterdam NED"]
[Date "2002.07.27"]
[Round "2.36"]
[White "Plasman, Hans"]
[Black "Wiersma, Eelke"]
[Result "1/2-1/2"]
[WhiteElo "2255"]
[BlackElo "2382"]
[EventDate "2002.07.26"]
[PlyCount "91"]

1.e4 c5 2.d4 cxd4 3.c3 Nf6 4.e5 Nd5 5.cxd4 e6 6.Nc3 Nxc3 7.bxc3 Qc7 8.Bd2 
b6 9.Bd3 d6 10.f4 Nd7 11.Nf3 Be7 12.O-O O-O 13.Qe2 Bb7 14.Rae1 Rad8 15.Kh1
g6 16.f5 dxe5 17.fxe6 fxe6 18.Bh6 Bxf3 19.gxf3 Rf6 20.Bc4 Qc6 21.Bb3 Rf5 
22.Qe4 Qd6 23.f4 Nf8 24.dxe5 Qd7 25.Rd1 Qc8 26.Rxd8 Bxd8 27.Bxf8 Kxf8 28.
Rd1 Be7 29.c4 Kf7 30.Ba4 Qc5 31.Qd4 Qxd4 32.Rxd4 g5 33.Bc2 Rxf4 34.Rxf4+ 
gxf4 35.Bxh7 Bc5 36.Kg2 Bd4 37.Kf3 Bxe5 38.Be4 Kf6 39.Bc6 Bd6 40.a4 e5 41.
Bd7 Bc5 42.h3 Bd4 43.Bc8 Bc3 44.h4 Bd4 45.Bb7 Ke6 46.Bd5+ 1/2-1/2

[Event "10th Lost Boys op"]
[Site "Amsterdam NED"]
[Date "2002.07.27"]
[Round "2.37"]
[White "Piasetski, Leon David"]
[Black "Happel, Hendrik"]
[Result "1/2-1/2"]
[WhiteElo "2350"]
[BlackElo "2254"]
[EventDate "2002.07.26"]
[PlyCount "36"]

1.c4 Nf6 2.g3 e6 3.Nf3 b6 4.Bg2 Bb7 5.O-O Be7 6.b3 O-O 7.Bb2 c5 8.Nc3 d5 
9.cxd5 Nxd5 10.Qc2 Nd7 11.Rac1 Bf6 12.Rfd1 Rc8 13.a3 Qe7 14.Qb1 Nxc3 15.
Bxc3 Bxc3 16.Rxc3 Nf6 17.Ng5 Bxg2 18.Kxg2 h6 1/2-1/2

[Event "10th Lost Boys op"]
[Site "Amsterdam NED"]
[Date "2002.07.27"]
[Round "2.39"]
[White "Daly, Colm"]
[Black "Roebers, Jan"]
[Result "1-0"]
[WhiteElo "2338"]
[BlackElo "2250"]
[EventDate "2002.07.26"]
[PlyCount "74"]

1.Nf3 g6 2.c4 Bg7 3.Nc3 d6 4.g3 f5 5.Bg2 Nf6 6.Rb1 O-O 7.d3 Nh5 8.O-O c6 
9.Bd2 a5 10.a3 e5 11.b4 axb4 12.axb4 Kh8 13.b5 Be6 14.bxc6 bxc6 15.Rb7 Qc8
16.Qb1 Nd7 17.Rc1 Nc5 18.Rb6 Qc7 19.Be3 Rfb8 20.Bxc5 dxc5 21.Rxb8+ Rxb8 
22.Qa2 h6 23.Nd2 e4 24.dxe4 f4 25.Nf3 Rb4 26.Nd1 Kh7 27.e3 fxg3 28.hxg3 
Nf6 29.Nh2 Nd7 30.f4 Nb6 31.e5 Ra4 32.Qe2 Bxc4 33.Qg4 Bd5 34.Nc3 Rb4 35.
Nxd5 cxd5 36.Qe6 d4 37.Be4 dxe3 1-0

[Event "10th Lost Boys op"]
[Site "Amsterdam NED"]
[Date "2002.07.27"]
[Round "2.40"]
[White "Bachofner, Andreas"]
[Black "Thorhallsson, Gylfi"]
[Result "1/2-1/2"]
[WhiteElo "2327"]
[BlackElo "2250"]
[EventDate "2002.07.26"]
[PlyCount "113"]

1.Nf3 d5 2.b3 c5 3.e3 Nc6 4.Bb2 Bg4 5.Bb5 e6 6.h3 Bh5 7.g4 Bg6 8.Ne5 Qc7 
9.Bxc6+ bxc6 10.d3 f6 11.Nxg6 hxg6 12.f4 g5 13.Qf3 gxf4 14.exf4 Bd6 15.Rf1
O-O-O 16.Nd2 Ne7 17.O-O-O Ng6 18.f5 Nh4 19.Qe2 exf5 20.gxf5 Qd7 21.Qg4 Rh6
22.Rf2 Rdh8 23.Rg1 Bf8 24.Qa4 Rh5 25.Re1 Nxf5 26.Qa6+ Kb8 27.b4 Bd6 28.
Rfe2 Bg3 29.Rf1 cxb4 30.Nb3 Qb7 31.Qa4 Qb5 32.Qxb5+ cxb5 33.Rg2 Bd6 34.
Rgg1 Re8 35.Kd2 Re7 36.Rf3 Be5 37.Bxe5+ Rxe5 38.Nc5 Kc8 39.Na6 Rh4 40.Rg4 
Rxg4 41.hxg4 Nd4 42.Rf4 Nc6 43.Nxb4 g5 44.Rxf6 Nxb4 45.c3 Nxa2 46.Ra6 Nxc3
47.Kxc3 Re7 48.Kb4 Re3 49.Rxa7 Rxd3 50.Kxb5 Rd4 51.Kc5 Rxg4 52.Kxd5 Kd8 
53.Ke5 Ke8 54.Kf5 Rg1 55.Rg7 Kf8 56.Rxg5 Rxg5+ 57.Kxg5 1/2-1/2

[Event "10th Lost Boys op"]
[Site "Amsterdam NED"]
[Date "2002.07.27"]
[Round "2.41"]
[White "Konings, Leon"]
[Black "Boersma, Jan"]
[Result "1-0"]
[WhiteElo "2318"]
[BlackElo "2230"]
[EventDate "2002.07.26"]
[PlyCount "71"]

1.d4 Nf6 2.c4 g6 3.Nc3 Bg7 4.e4 O-O 5.Be2 d6 6.Nf3 Nbd7 7.Be3 e5 8.d5 Nc5 
9.Nd2 Ne8 10.b4 Na6 11.Qb3 f5 12.f3 Bh6 13.Bxh6 Qh4+ 14.Kd1 Qxh6 15.c5 Nb8
16.Kc2 a5 17.bxa5 Nd7 18.cxd6 Nc5 19.Qb4 cxd6 20.Nc4 fxe4 21.fxe4 Rf2 22.
Raf1 Nxe4 23.Rxf2 Nxf2 24.Rf1 Bf5+ 25.Kb3 Nd3 26.Bxd3 Bxd3 27.Qxb7 Bxf1 
28.Qxa8 Qf8 29.a6 Kg7 30.Qb7+ Kh6 31.a7 Qf4 32.Qc8 Nf6 33.a8=Q Bxg2 34.
Nxd6 Qd2 35.Qf8+ Kg5 36.Qxf6+ 1-0

[Event "10th Lost Boys op"]
[Site "Amsterdam NED"]
[Date "2002.07.27"]
[Round "2.42"]
[White "Markus, John Raymond"]
[Black "Spaan, Martijn Tigran"]
[Result "1/2-1/2"]
[WhiteElo "2247"]
[BlackElo "2311"]
[EventDate "2002.07.26"]
[PlyCount "47"]

1.d4 Nf6 2.Nf3 e6 3.Bg5 c5 4.e3 Nc6 5.c3 b6 6.Nbd2 Be7 7.Bd3 O-O 8.O-O Bb7
9.Rc1 cxd4 10.exd4 Rc8 11.Re1 a6 12.Qe2 b5 13.Bxf6 Bxf6 14.Ne4 Be7 15.Rcd1
Na5 16.Nc5 Bxc5 17.dxc5 Bd5 18.b4 Nc6 19.a3 d6 20.cxd6 Qxd6 21.c4 bxc4 22.
Bxc4 Ne7 23.Bxa6 Rc7 24.Rd3 1/2-1/2

[Event "10th Lost Boys op"]
[Site "Amsterdam NED"]
[Date "2002.07.27"]
[Round "2.43"]
[White "Nicolai, Erik"]
[Black "Kohler, Aran"]
[Result "1-0"]
[WhiteElo "2238"]
[BlackElo "2298"]
[EventDate "2002.07.26"]
[PlyCount "97"]

1.e4 c6 2.d4 d5 3.e5 c5 4.dxc5 Nc6 5.Bb5 e6 6.c4 Bxc5 7.Qg4 Kf8 8.Bxc6 
bxc6 9.Nf3 Ba6 10.Nbd2 Nh6 11.Qf4 dxc4 12.Ne4 Bb4+ 13.Bd2 Bxd2+ 14.Qxd2 
Qxd2+ 15.Kxd2 Rd8+ 16.Kc3 Rd5 17.b3 Rd3+ 18.Kc2 Bb5 19.Nd6 cxb3+ 20.axb3 
Rd5 21.Rxa7 g5 22.Ra8+ Kg7 23.Rxh8 Kxh8 24.Nxg5 f6 25.Nxe6 Bd3+ 26.Kc3 
fxe5 27.Nc4 Bf5 28.Ng5 Kg7 29.Ra1 Kf6 30.h4 Ng4 31.f3 Nf2 32.Ra6 Nd1+ 33.
Kb4 Rb5+ 34.Ka3 Rc5 35.Na5 Bd3 36.Rxc6+ Rxc6 37.Nxc6 Nc3 38.Kb4 Nd5+ 39.
Kc5 Nf4 40.Kd6 Nxg2 41.Nxe5 Nxh4 42.Ne4+ Kf5 43.Nxd3 Nxf3 44.Kd5 Nh4 45.b4
Ng6 46.b5 Ne7+ 47.Kd6 Nc8+ 48.Kc7 Ne7 49.Nc3 1-0

[Event "10th Lost Boys op"]
[Site "Amsterdam NED"]
[Date "2002.07.27"]
[Round "2.44"]
[White "Hopman, Pieter"]
[Black "De Heer, Machiel"]
[Result "1/2-1/2"]
[WhiteElo "2225"]
[BlackElo "2293"]
[EventDate "2002.07.26"]
[PlyCount "39"]

1.d4 d6 2.c4 f5 3.g3 Nf6 4.Bg2 g6 5.Nf3 Bg7 6.O-O O-O 7.Nc3 Qe8 8.d5 Na6 
9.Re1 Nc5 10.Be3 e5 11.dxe6 Bxe6 12.Nd5 Qd8 13.Ng5 Bc8 14.Bxc5 dxc5 15.Nf4
Qe7 16.Bd5+ Kh8 17.h4 c6 18.Be6 Ne4 19.Bxc8 Raxc8 20.Nge6 1/2-1/2

[Event "10th Lost Boys op"]
[Site "Amsterdam NED"]
[Date "2002.07.27"]
[Round "2.45"]
[White "Ryan, Joseph"]
[Black "Riemens, Albert"]
[Result "0-1"]
[WhiteElo "2289"]
[BlackElo "2225"]
[EventDate "2002.07.26"]
[PlyCount "78"]

1.e4 c5 2.Nf3 d6 3.d4 cxd4 4.Nxd4 Nf6 5.Nc3 Nc6 6.Bg5 e6 7.Qd2 a6 8.O-O-O 
Bd7 9.f3 Be7 10.Kb1 Rc8 11.Be3 h5 12.Nxc6 Rxc6 13.Ne2 Rc8 14.Nd4 Qc7 15.
Bd3 d5 16.Ne2 dxe4 17.fxe4 Bc6 18.Bd4 e5 19.Bc3 Nxe4 20.Bxe4 Bxe4 21.Ng3 
Bg6 22.Rde1 f6 23.Rhf1 Qd7 24.Qe3 O-O 25.Qf3 b5 26.Rd1 Qe6 27.a3 a5 28.Nf5
b4 29.axb4 axb4 30.Be1 Bc5 31.Qd5 Bf7 32.Qxe6 Bxe6 33.Ng3 Be7 34.Ne4 Rfd8 
35.Bg3 Rxd1+ 36.Rxd1 Bf5 37.Re1 Rc4 38.Nd2 Rxc2 39.Ne4 Rc4 0-1

[Event "10th Lost Boys op"]
[Site "Amsterdam NED"]
[Date "2002.07.27"]
[Round "2.46"]
[White "De Roda Husman, Juan"]
[Black "Leuw, Micha"]
[Result "1-0"]
[WhiteElo "2281"]
[BlackElo "2220"]
[EventDate "2002.07.26"]
[PlyCount "69"]

1.e4 d6 2.d4 Nf6 3.Nc3 g6 4.Nf3 Bg7 5.Be2 c6 6.a4 a5 7.O-O O-O 8.h3 Nbd7 
9.Be3 e5 10.dxe5 dxe5 11.Bc4 Qe7 12.Nd2 Nc5 13.Qf3 Nfd7 14.Rad1 Kh8 15.Nb3
Nxb3 16.cxb3 f5 17.exf5 gxf5 18.Qh5 f4 19.Bc1 Nc5 20.Rfe1 e4 21.Nxe4 Nxe4 
22.Rxe4 Qxe4 23.Bd3 Bf5 24.Bxe4 Bxe4 25.Rd7 Rae8 26.Bd2 Bxb2 27.Qxa5 Rf5 
28.Bc3+ Kg8 29.Qb4 Bxc3 30.Qxc3 Rg5 31.f3 Bd5 32.Qd3 Rg6 33.Kf2 Re3 34.Qd4
Rxb3 35.Rxd5 1-0

[Event "10th Lost Boys op"]
[Site "Amsterdam NED"]
[Date "2002.07.27"]
[Round "2.47"]
[White "Bertrem, Stijn"]
[Black "Willemsen, Jos"]
[Result "0-1"]
[WhiteElo "2220"]
[BlackElo "2280"]
[EventDate "2002.07.26"]
[PlyCount "85"]

1.d4 Nf6 2.c4 c5 3.d5 g6 4.Nc3 Bg7 5.e4 d6 6.f4 O-O 7.Nf3 e6 8.Be2 exd5 9.
cxd5 Bg4 10.O-O Bxf3 11.Bxf3 Nbd7 12.Be3 Ne8 13.Qc2 a6 14.a4 Qa5 15.h4 h5 
16.e5 dxe5 17.f5 Nd6 18.fxg6 f5 19.Bxh5 b5 20.axb5 Qb6 21.b4 axb5 22.bxc5 
Nxc5 23.Rxa8 Rxa8 24.Nxb5 Qxb5 25.Qxc5 Qxc5 26.Bxc5 Ne4 27.Be7 Ng3 28.Bd1 
Nxf1 29.Kxf1 Bf8 30.Bg5 Bc5 31.h5 Kg7 32.Bb3 Ra1+ 33.Ke2 Ra3 34.g4 f4 35.
Bc2 f3+ 36.Kd2 Bb4+ 37.Kc1 f2 38.h6+ Kf8 39.g7+ Kg8 40.h7+ Kxg7 41.Bf6+ 
Kf7 42.h8=Q f1=Q+ 43.Bd1 0-1

[Event "10th Lost Boys op"]
[Site "Amsterdam NED"]
[Date "2002.07.27"]
[Round "2.48"]
[White "Van Helvoort, Rob A. M."]
[Black "Van der Elburg, Freddie"]
[Result "0-1"]
[WhiteElo "2182"]
[BlackElo "2275"]
[EventDate "2002.07.26"]
[PlyCount "92"]

1.e4 c5 2.Nf3 e6 3.c3 Nf6 4.e5 Nd5 5.d4 cxd4 6.cxd4 b6 7.Bc4 Ba6 8.Bxa6 
Nxa6 9.Qe2 Nab4 10.O-O Rc8 11.Nbd2 f5 12.a3 Nf4 13.Qd1 Nbd3 14.Nb3 g5 15.
Ne1 Nxc1 16.Rxc1 Bh6 17.Nd3 g4 18.Nxf4 Bxf4 19.Rxc8 Qxc8 20.Qd3 Qc6 21.g3 
Bg5 22.d5 Qxd5 23.Qxd5 exd5 24.Rd1 Ke7 25.Rxd5 Rc8 26.Nd4 Bc1 27.Rd6 Rf8 
28.f4 gxf3 29.Kf2 Bxb2 30.Kxf3 Bxa3 31.Rh6 Rf7 32.Rh5 Bb2 33.Nxf5+ Ke6 34.
Ke4 Bxe5 35.Ne3 d6 36.Rh6+ Kd7 37.Kd5 b5 38.g4 Bf4 39.Re6 Re7 40.Rxe7+ 
Kxe7 41.Nf5+ Kf6 42.h3 Kg5 43.Ke4 Be5 44.Kf3 b4 45.h4+ Kf6 46.Ke4 b3 0-1

[Event "10th Lost Boys op"]
[Site "Amsterdam NED"]
[Date "2002.07.28"]
[Round "3.3"]
[White "Vesterbaek Pedersen, Nicolai"]
[Black "Van Wely, Loek"]
[Result "0-1"]
[WhiteElo "2458"]
[BlackElo "2645"]
[EventDate "2002.07.26"]
[PlyCount "134"]

1.d4 Nf6 2.c4 c5 3.d5 b5 4.cxb5 a6 5.b6 g6 6.Nc3 Bg7 7.Nf3 O-O 8.e4 d6 9.
a4 Qxb6 10.Nd2 Nbd7 11.Nc4 Qa7 12.Be2 Nb6 13.Na3 Rb8 14.O-O Na8 15.Nc4 Rb4
16.Na2 Rxc4 17.Bxc4 Nxe4 18.a5 Re8 19.Re1 Nf6 20.h3 Nc7 21.Nc3 Bd7 22.Na4 
Bb5 23.Ba2 Bxa4 24.Qxa4 Kf8 25.Bf4 Rb8 26.Qc6 Nb5 27.Rad1 Nd7 28.Bc4 Ne5 
29.Bxe5 Bxe5 30.Bxb5 Rxb5 31.Rxe5 dxe5 32.d6 exd6 33.Rxd6 Qe7 34.Qc8+ Kg7 
35.Rxa6 Qg5 36.Ra8 Qc1+ 37.Kh2 Qf4+ 38.Kg1 Rxb2 39.Qf8+ Kf6 40.Qd8+ Kf5 
41.Qd3+ Kg5 42.Qg3+ Qxg3 43.fxg3 Ra2 44.a6 h5 45.Rc8 Rxa6 46.Rxc5 f6 47.
Kf2 Kf5 48.Rc4 Ra2+ 49.Kf3 Rd2 50.Ra4 Rd4 51.Ra3 g5 52.Ke3 Rb4 53.Ra8 Rb3+
54.Kf2 Rb2+ 55.Kf1 h4 56.g4+ Kf4 57.Ra6 Kg3 58.Rxf6 Rb1+ 59.Ke2 Kxg2 60.
Rf5 Kxh3 61.Rxg5 Kg2 62.Rxe5 h3 63.Rh5 Rb3 64.Rf5 h2 65.Rf2+ Kg3 66.Rf1 
Kxg4 67.Kf2 Rf3+ 0-1

[Event "10th Lost Boys op"]
[Site "Amsterdam NED"]
[Date "2002.07.28"]
[Round "3.4"]
[White "Bosboom, Manuel"]
[Black "Nijboer, Friso"]
[Result "0-1"]
[WhiteElo "2451"]
[BlackElo "2567"]
[EventDate "2002.07.26"]
[PlyCount "80"]

1.d4 Nf6 2.c4 g6 3.d5 e5 4.Nc3 Bc5 5.a3 O-O 6.Nf3 e4 7.Nd4 Re8 8.e3 c6 9.
Be2 cxd5 10.cxd5 a6 11.b4 Bf8 12.Bb2 d6 13.O-O Nbd7 14.Qc2 Nb6 15.Rad1 Bd7
16.Qb3 Re5 17.Rd2 Qe8 18.b5 Nbxd5 19.Nxd5 Rxd5 20.a4 axb5 21.axb5 Bg7 22.
Rc1 Rc5 23.Rcd1 Nd5 24.Bf1 Nb6 25.h3 Be5 26.Ba3 Rc7 27.Bb4 d5 28.Ra2 Nc4 
29.b6 Rxa2 30.Qxa2 Rc8 31.Qa7 Bc6 32.Qa2 Nxb6 33.Rc1 Bd7 34.Rd1 Nc4 35.Ne2
Ra8 36.Qb3 Ba4 37.Qb1 Bxd1 38.Qxd1 Qc6 39.Nc3 Nb6 40.Bb5 Qe6 0-1

[Event "10th Lost Boys op"]
[Site "Amsterdam NED"]
[Date "2002.07.28"]
[Round "3.5"]
[White "Werle, Jan"]
[Black "Sadvakasov, Darmen"]
[Result "0-1"]
[WhiteElo "2443"]
[BlackElo "2534"]
[EventDate "2002.07.26"]
[PlyCount "62"]

1.Nf3 d5 2.d4 Nf6 3.c4 dxc4 4.e3 e6 5.Bxc4 a6 6.a4 c5 7.O-O Nc6 8.Qe2 Qc7 
9.Nc3 Bd6 10.dxc5 Bxc5 11.b3 Na5 12.Bb2 Bd7 13.Nd2 Nxc4 14.Qxc4 Bd6 15.
Qxc7 Bxc7 16.Nc4 O-O 17.a5 Bc6 18.f3 Rfd8 19.e4 Nd7 20.Rfd1 Nc5 21.b4 Nd3 
22.Ba3 Bf4 23.g3 Bc7 24.Ra2 Ne5 25.Nxe5 Bxe5 26.Bb2 f5 27.Kf2 fxe4 28.fxe4
Rd4 29.Rxd4 Bxd4+ 30.Ke2 Rf8 31.Nd1 Bg1 0-1

[Event "10th Lost Boys op"]
[Site "Amsterdam NED"]
[Date "2002.07.28"]
[Round "3.8"]
[White "Van der Wiel, John"]
[Black "Erwich, Marc"]
[Result "1/2-1/2"]
[WhiteElo "2506"]
[BlackElo "2376"]
[EventDate "2002.07.26"]
[PlyCount "73"]

1.e4 e5 2.Nf3 Nc6 3.d4 exd4 4.Nxd4 Nf6 5.Nxc6 bxc6 6.e5 Qe7 7.Qe2 Nd5 8.c4
Ba6 9.b3 g5 10.h4 Bg7 11.Bb2 Nf4 12.Qe3 h6 13.g3 Ng6 14.f4 gxf4 15.gxf4 h5
16.Bd3 Bh6 17.e6 O-O 18.Rg1 Qxe6 19.Qxe6 dxe6 20.Nd2 Kh7 21.Ne4 Bxf4 22.
Ng5+ Bxg5 23.Rxg5 Kh6 24.Bf6 Rg8 25.O-O-O Nf4 26.Be4 Nh3 27.Bxc6 Rab8 28.
Ra5 Bb7 29.Bxb7 Rxb7 30.Rd7 Rg1+ 31.Kb2 Rg4 32.Ka3 Kg6 33.Bd8 f5 34.c5 f4 
35.c6 Rb8 36.Bxc7 Rc8 37.Re5 1/2-1/2

[Event "10th Lost Boys op"]
[Site "Amsterdam NED"]
[Date "2002.07.28"]
[Round "3.9"]
[White "Hendriks, Willy"]
[Black "Lobron, Eric"]
[Result "1-0"]
[WhiteElo "2410"]
[BlackElo "2500"]
[EventDate "2002.07.26"]
[PlyCount "61"]

1.e4 e6 2.d4 d5 3.e5 c5 4.c3 Qb6 5.Nf3 Bd7 6.Be2 Bb5 7.c4 Bxc4 8.Bxc4 Qb4+
9.Nbd2 dxc4 10.a3 Qb5 11.Qe2 cxd4 12.Nxd4 Qd5 13.N4f3 Nd7 14.Nxc4 Rc8 15.
Ne3 Qe4 16.b4 Nh6 17.O-O Be7 18.Rd1 Nb6 19.Rd4 Qg6 20.Qb5+ Rc6 21.Qa5 Nc8 
22.Bd2 O-O 23.Rd7 f5 24.exf6 Bxf6 25.Re1 Rf7 26.Rxf7 Nxf7 27.b5 Rc5 28.Bb4
Bd8 29.Qa4 Ne5 30.Qd1 Nxf3+ 31.Qxf3 1-0

[Event "10th Lost Boys op"]
[Site "Amsterdam NED"]
[Date "2002.07.28"]
[Round "3.10"]
[White "Jonkman, Harmen"]
[Black "Odendahl, Reiner"]
[Result "0-1"]
[WhiteElo "2497"]
[BlackElo "2379"]
[EventDate "2002.07.26"]
[PlyCount "90"]

1.e4 c5 2.c3 d6 3.d4 Nf6 4.Bd3 g6 5.Nf3 Bg7 6.h3 O-O 7.O-O Nc6 8.d5 Na5 9.
Re1 b6 10.Bg5 e5 11.b4 Nb7 12.Ba6 h6 13.Bc1 Nh5 14.Nbd2 Rb8 15.Nc4 Qc7 16.
a4 Bd7 17.Ra2 Be8 18.g4 Nf4 19.Bxf4 exf4 20.e5 cxb4 21.cxb4 b5 22.Nxd6 
Nxd6 23.exd6 Qxd6 24.Bxb5 Bxb5 25.axb5 Rxb5 26.Rxa7 Rxd5 27.Qe2 Qxb4 28.
Qe4 Qb3 29.Ra3 Qxa3 30.Qxd5 Rc8 31.Kg2 Qa8 32.Qe4 g5 33.h4 Qxe4 34.Rxe4 
Bf6 35.Nd4 Bxd4 36.Rxd4 Kg7 37.Rd5 gxh4 38.Kf3 Rc4 39.Rh5 h3 40.Rh4 Kg6 
41.Rh5 Ra4 42.Ke2 Ra3 43.f3 h2 44.Rh3 f6 45.Rh4 Ra1 0-1

[Event "10th Lost Boys op"]
[Site "Amsterdam NED"]
[Date "2002.07.28"]
[Round "3.12"]
[White "Bezemer, Arno"]
[Black "Stellwagen, Daniel"]
[Result "1-0"]
[WhiteElo "2320"]
[BlackElo "2464"]
[EventDate "2002.07.26"]
[PlyCount "80"]

1.e4 e6 2.d4 d5 3.Nc3 Nf6 4.Bg5 Bb4 5.e5 h6 6.Be3 Ne4 7.Qg4 g5 8.a3 Bxc3+ 
9.bxc3 c5 10.Bd3 Qa5 11.Ne2 cxd4 12.Bxd4 Nc6 13.O-O Bd7 14.Bxe4 dxe4 15.
Ng3 f5 16.exf6 O-O-O 17.Qxe4 e5 18.Be3 Be6 19.Rab1 Rd7 20.c4 Qa4 21.c5 
Qxa3 22.Qg6 Qa4 23.Ne4 Rg8 24.f7 Bxf7 25.Nd6+ Kb8 26.Qf5 Re7 27.Nxb7 Ka8 
28.Nd6 Be6 29.Qf3 g4 30.Qe2 Qa5 31.Ra1 Qc7 32.Qd2 Rb8 33.Qc3 h5 34.Rfd1 
Bg8 35.Nf5 Rd7 36.Nd6 Re7 37.Ne4 Rd7 38.Rd6 Rc8 39.Ra6 Nb8 40.Ra1 Nc6 1-0

[Event "10th Lost Boys op"]
[Site "Amsterdam NED"]
[Date "2002.07.28"]
[Round "3.14"]
[White "Vedder, Richard"]
[Black "Solleveld, Maarten"]
[Result "1/2-1/2"]
[WhiteElo "2232"]
[BlackElo "2451"]
[EventDate "2002.07.26"]
[PlyCount "66"]

1.e4 c5 2.Nf3 e6 3.d4 cxd4 4.Nxd4 a6 5.Bd3 Bc5 6.Nb3 Ba7 7.O-O Ne7 8.Qe2 
Nbc6 9.Be3 O-O 10.Nc3 b5 11.Rad1 d6 12.f4 Qc7 13.Kh1 Bxe3 14.Qxe3 Bb7 15.
f5 Ne5 16.fxe6 fxe6 17.Qh3 Qd7 18.Nd4 Rxf1+ 19.Rxf1 Bc8 20.Nce2 N7g6 21.
Nf3 Qe7 22.Nxe5 Nxe5 23.Nd4 Bd7 24.Nf3 Nxd3 25.cxd3 e5 26.Qg3 Rc8 27.Qf2 
h6 28.Kg1 Be6 29.Qb6 Rc2 30.Qxa6 Rxb2 31.Rf2 Rb1+ 32.Rf1 Rb2 33.Rf2 Rb1+ 
1/2-1/2

[Event "10th Lost Boys op"]
[Site "Amsterdam NED"]
[Date "2002.07.28"]
[Round "3.15"]
[White "Shirazi, Kamran"]
[Black "Afek, Yochanan"]
[Result "0-1"]
[WhiteElo "2448"]
[BlackElo "2329"]
[EventDate "2002.07.26"]
[PlyCount "74"]

1.e4 c5 2.Nf3 Nc6 3.c3 d5 4.exd5 Qxd5 5.d4 Nf6 6.c4 Qe4+ 7.Be3 cxd4 8.Nxd4
e5 9.Nc3 Bb4 10.Nb5 O-O 11.a3 Rd8 12.Qxd8+ Nxd8 13.axb4 Qc2 14.Bd3 Qb3 15.
O-O Be6 16.Rfc1 Nc6 17.Bc5 Nxb4 18.Be2 Nc2 19.Ra2 Rc8 20.Bxa7 Bxc4 21.Nd6 
Bxe2 22.Nxc8 h6 23.h3 Nd4 24.Re1 Bc4 25.Raa1 Nc2 26.Nd6 Nxe1 27.Nxc4 Nc2 
28.Rc1 b5 29.Ne3 Nd4 30.Rb1 b4 31.Ncd1 Qa2 32.Bxd4 exd4 33.Rc1 dxe3 34.
Nxe3 Qxb2 35.Rc8+ Kh7 36.Rc7 Qa1+ 37.Nf1 b3 0-1

[Event "10th Lost Boys op"]
[Site "Amsterdam NED"]
[Date "2002.07.28"]
[Round "3.19"]
[White "Ernst, Sipke"]
[Black "Dambacher, Martijn"]
[Result "1-0"]
[WhiteElo "2469"]
[BlackElo "2297"]
[EventDate "2002.07.26"]
[PlyCount "111"]

1.d4 d5 2.c4 dxc4 3.Nf3 Nf6 4.e3 e6 5.Bxc4 c5 6.O-O a6 7.Bb3 Nc6 8.Nc3 b6 
9.dxc5 b5 10.Qxd8+ Nxd8 11.Bd2 Bxc5 12.Rac1 Bb6 13.Rfd1 Bb7 14.Ne5 O-O 15.
Ne2 Re8 16.a4 Bd5 17.Bxd5 Nxd5 18.a5 Bc7 19.Nd3 f5 20.f3 Bb8 21.e4 fxe4 
22.fxe4 Nf6 23.g3 Nxe4 24.Be3 Nb7 25.Bb6 Bd6 26.Nd4 e5 27.Nc6 Ng5 28.Be3 
Nf3+ 29.Kg2 Nd4 30.b4 Nxc6 31.Rxc6 e4 32.Nf4 Bxf4 33.Bxf4 Nd8 34.Rb6 Ne6 
35.Be3 Re7 36.Kf2 Nc7 37.Ke2 Rae8 38.Rc6 Rf7 39.Rdd6 h6 40.Bb6 Ree7 41.Bc5
Kh7 42.Bb6 Kg8 43.g4 Ne8 44.Re6 Rxe6 45.Rxe6 Nf6 46.Bc5 Nd5 47.Rxa6 e3 48.
Ra8+ Kh7 49.Rf8 Rxf8 50.Bxf8 Kg8 51.Bc5 Nc7 52.Kxe3 Kf7 53.Kd4 Ke6 54.Bf8 
Nd5 55.Bxg7 Nxb4 56.Kc5 1-0

[Event "10th Lost Boys op"]
[Site "Amsterdam NED"]
[Date "2002.07.28"]
[Round "3.20"]
[White "Berkvens, Joost"]
[Black "De Roda Husman, Juan"]
[Result "1-0"]
[WhiteElo "2467"]
[BlackElo "2281"]
[EventDate "2002.07.26"]
[PlyCount "61"]

1.d4 d5 2.c4 e6 3.Nf3 c6 4.g3 Nd7 5.Bg2 Ngf6 6.O-O Be7 7.Qc2 O-O 8.Rd1 b6 
9.b3 Bb7 10.Nc3 Rc8 11.e4 c5 12.exd5 exd5 13.Qf5 g6 14.Qh3 Re8 15.Bh6 dxc4
16.d5 cxb3 17.axb3 a6 18.Ng5 Bf8 19.Bxf8 Nxf8 20.Ra4 h5 21.d6 Bc6 22.Rxa6 
Ng4 23.Nge4 Nd7 24.Ra7 Re6 25.Qh4 Qe8 26.h3 Nh6 27.Nd5 Kg7 28.Ne7 Bxe4 29.
Bxe4 Rb8 30.Bc6 Rd8 31.Qc4 1-0

[Event "10th Lost Boys op"]
[Site "Amsterdam NED"]
[Date "2002.07.28"]
[Round "3.23"]
[White "Van Blitterswijk, Stefan"]
[Black "Van Egmond, Rogier Marcel"]
[Result "1-0"]
[WhiteElo "2394"]
[BlackElo "2276"]
[EventDate "2002.07.26"]
[PlyCount "81"]

1.e4 c5 2.Nf3 d6 3.d4 cxd4 4.Nxd4 Nf6 5.Nc3 a6 6.f4 e5 7.Nf3 Nbd7 8.a4 Be7
9.Bd3 O-O 10.O-O Nc5 11.Qe1 exf4 12.Bxf4 Bg4 13.Kh1 Rc8 14.Bd2 Bh5 15.Nd4 
d5 16.e5 Nxd3 17.cxd3 Ne8 18.Nf5 Nc7 19.Ne2 Re8 20.Neg3 Bg6 21.Bb4 Bxb4 
22.Qxb4 Rb8 23.Rae1 Re6 24.Nd4 Qe7 25.Qc3 Rb6 26.a5 Nb5 27.Qb3 Nxd4 28.
Qxb6 Nc6 29.Nf5 Qg5 30.Nd4 Nxd4 31.Qxd4 Rc8 32.Qxd5 h5 33.Qxb7 Rc2 34.e6 
fxe6 35.Qb8+ Kh7 36.Qg3 Qxg3 37.hxg3 Bxd3 38.Rf3 Bc4 39.Rc3 Rxc3 40.bxc3 
Bd5 41.Rb1 1-0